ARRUPE JESUIT UNIVERSITY

CORONAVIRUS -STOP THE SPREAD - CLEAN,DISINFECT,COVER

Stage management in the amateur theatre / (Record no. 124757)

MARC details
000 -LEADER
fixed length control field 00755nam a2200253 i 4500
001 - CONTROL NUMBER
control field 2444379
003 - CONTROL NUMBER IDENTIFIER
control field ARRUPE
005 - DATE AND TIME OF LATEST TRANSACTION
control field 20160822113654.0
008 - FIXED-LENGTH DATA ELEMENTS--GENERAL INFORMATION
fixed length control field 790518s1957 enka b 001 0 eng d
015 ## - NATIONAL BIBLIOGRAPHY NUMBER
National bibliography number GB57-15522
035 ## - SYSTEM CONTROL NUMBER
System control number (OCoLC)ocm04979152
040 ## - CATALOGING SOURCE
Original cataloging agency TXU
Transcribing agency TXU
Modifying agency UKM
-- ZCU
050 ## - LIBRARY OF CONGRESS CALL NUMBER
Classification number PN2019.S8M4
082 04 - DEWEY DECIMAL CLASSIFICATION NUMBER
Classification number 792
Edition number 18
099 ## - LOCAL FREE-TEXT CALL NUMBER (OCLC)
Classification number 808.2
-- M49
300 ## - PHYSICAL DESCRIPTION
Other physical details ill. ;
Dimensions 22 cm.
100 1# - MAIN ENTRY--PERSONAL NAME
Personal name Melvill, Harald.
9 (RLIN) 23691
245 12 - TITLE STATEMENT
Title Stage management in the amateur theatre /
Statement of responsibility, etc by Harald Melvill ; foreword by Stephen C. Venner.
260 ## - PUBLICATION, DISTRIBUTION, ETC. (IMPRINT)
Place of publication, distribution, etc London :
Name of publisher, distributor, etc Barry and Rockliff,
Date of publication, distribution, etc 1963.
300 ## - PHYSICAL DESCRIPTION
Extent x, 194p. ;
650 #0 - SUBJECT ADDED ENTRY--TOPICAL TERM
Topical term or geographic name as entry element Amateur theatricals
9 (RLIN) 23692
650 #0 - SUBJECT ADDED ENTRY--TOPICAL TERM
Topical term or geographic name as entry element Theaters
General subdivision Stage-setting and scenery.
9 (RLIN) 23693
942 ## - ADDED ENTRY ELEMENTS (KOHA)
Source of classification or shelving scheme Library of Congress Classification
Koha item type Monograph ( Printed materials)
Holdings
Withdrawn status Lost status Source of classification or shelving scheme Damaged status Not for loan Collection code Home library Current library Shelving location Date acquired Total Checkouts Full call number Barcode Date last seen Price effective from Koha item type
    Library of Congress Classification     Main Collection ARRUPE LIBRARY ARRUPE LIBRARY Main Collection 28/04/2016   PN2091.S8 M4 46500006423 27/03/2019 28/04/2016 Monograph ( Printed materials)

 

Arrupe Library. PO Box MP320 Mt Pleasant, Harare, Zimbabwe
263 242 745411|librarian@aju.ac.zw